000 01043nam a22003017a 4500
001 BR9100808
003 BR-BrBNA
005 20230928093523.0
007 ta
008 230509b bl.||||| |||| 00| 0 por d
040 _aBR-BrBNA
_bpor
_cBiblioteca Nacional de Agricultura
041 _a(Por)
072 _aF62; F61
_b3301
_b3830
_b3820
090 _ 3301 BR9100808
100 1 _aCarvalho, E.F. de
110 1 _aUniversidade Federal de Vicosa, MG (Brasil)
_0Tese (Doctor Scientiae)
245 1 _aAdaptabilidade fisiologica de Azolla spp. a diferentes densidades de fluxo radiante e niveis de fosforo
260 3 _aVicosa, MG (Brasil):
_c1991.
300 _a175 p.
500 _a47 illus.; 6 tables; Bibliography p. 154-164 (113 ref.); Summary (Por). (*) Documento disponível na(o) Universidade Federal de Vicosa, MG (Brazil)
650 _aMURURE RENDADO
650 _aCRESCIMENTO
650 _aNUTRICAO VEGETAL
650 _aFOSFORO
650 _aFIXACAO DE NITROGENIO
909 _a202309
_bLucia
_c55
_dLucia Elande
942 _cBK
999 _c45468
_d45468